| 000 | 00793nam a22001937a 4500 | ||
|---|---|---|---|
| 005 | 20211004130303.0 | ||
| 008 | 211004b mx ||||| |||| 00| 0 spa d | ||
| 020 | _a9786077613602 | ||
| 050 | 0 | 4 |
_aJL1292 _bG37 2011 |
| 100 | 1 | _aGarrido Asperó, María José | |
| 245 | 1 | 0 |
_a"Soborno" "fraude" "cohecho" : _blos proyectos para evitar la manipulación electoral en las primeras elecciones del México independiente, 1821-1822 / _cMaría José Garrido Asperó |
| 250 | _a1a edición. | ||
| 260 |
_aMéxico, D.F. : _bInstituto de Investigaciones Dr. José María Luis Mora, _c2011 |
||
| 300 |
_a156 p. ; _c22 cm. |
||
| 490 | 0 | _aHistoria Política | |
| 650 | 7 |
_2lemb _aElecciones _xPráctias corruptas _zMéxico _xHistoria |
|
| 650 | 7 |
_2lemb _aElecciones _zMéxico _xHistoria |
|
| 942 |
_2lcc _cLIB |
||
| 999 |
_c157812 _d157810 |
||